البحث عن المستقبل /
تعكس فصول هذا الكتاب اهتمام مؤلفه الأستاذ رجب البنا بقضايا المستقبل في مصر والعالم العربي، انطلاقا من إيمانه بأن الواقع قابل للتغيير دائما، وأن قضية التغيير مرتبطة بوضوح الفكر أولا، وبنوعية الإنسان وارتباطه بمجتمعه....
Saved in:
| 主要作者: | |
|---|---|
| 格式: | 图书 |
| 语言: | 阿拉伯语 |
| 出版: |
القاهرة :
الهيئة المصرية العامة للكتاب،
1994.
|
| 版: | ط. 1. |
| 主题: | |
| 在线阅读: | http://dar.bibalex.org/webpages/mainpage.jsf?PID=DAF-Job:80307 |
| 标签: |
添加标签
没有标签, 成为第一个标记此记录!
|
MARC
| LEADER | 00000cam a2200000 a 4500 | ||
|---|---|---|---|
| 003 | INP | ||
| 005 | 20181115153535.0 | ||
| 008 | 121215s1994 ua fr 000 e ara d | ||
| 952 | |0 0 |1 0 |4 0 |6 301_240000000000000_ر_ب |7 0 |8 arabic_Boo |9 2288 |a INP |b INP |c MAIN |d 2018-03-19 |l 0 |o 301.24 ر ب |p 002149 |r 2022-03-28 00:00:00 |w 2018-03-19 |y BK |0 0 | ||
| 999 | |c 5040 |d 5040 | ||
| 017 | |a 94/2380 |b مصر. دار الكتب | ||
| 020 | |z 9770163422 | ||
| 040 | |a EG-INP |c EG-INP |b ara | ||
| 082 | 0 | 4 | |a 301.24 |b ر ب |2 21 |
| 100 | 1 | |a البنا، رجب. | |
| 245 | 1 | 2 | |a البحث عن المستقبل / |c رجب البنا. |
| 250 | |a ط. 1. | ||
| 260 | |a القاهرة : |b الهيئة المصرية العامة للكتاب، |c 1994. | ||
| 300 | |a 265 ص. ؛ |c 23 سم. | ||
| 520 | |a تعكس فصول هذا الكتاب اهتمام مؤلفه الأستاذ رجب البنا بقضايا المستقبل في مصر والعالم العربي، انطلاقا من إيمانه بأن الواقع قابل للتغيير دائما، وأن قضية التغيير مرتبطة بوضوح الفكر أولا، وبنوعية الإنسان وارتباطه بمجتمعه. | ||
| 650 | 7 | |a التعليم |v مقالات ومحاضرات. |2 qrmak | |
| 650 | 7 | |a الثقافة العربية. |2 qrmak | |
| 650 | 7 | |a التعليم |z الدول العربية. |2 qrmak | |
| 650 | 7 | |a التطور الاجتماعى. |2 qrmak | |
| 650 | 7 | |a العلم والحضارة. |2 qrmak | |
| 650 | 7 | |a التغير الاجتماعى. |2 qrmak | |
| 650 | 7 | |a التنمية الإجتماعية. |2 qrmak | |
| 856 | |u http://dar.bibalex.org/webpages/mainpage.jsf?PID=DAF-Job:80307 | ||
| 901 | |a EGPV3 | ||
| 902 | |a EGPV5 | ||
| 903 | |a copycat | ||
| 942 | |c BK |2 ddc | ||